[Event "Politiken Cup 36th"]
[Site "Helsingor"]
[Date "2014.07.28"]
[Round "9"]
[White "Skjoldager, Flemming"]
[Black "Keen, Cosima C"]
[Result "1/2-1/2"]
[WhiteElo "1882"]
[BlackElo "1729"]
[PlyCount "156"]
[EventDate "2014.07.21"]
[EventType "swiss"]
[EventRounds "10"]
[EventCountry "DEN"]
[SourceTitle "CBM 161 Extra"]
[Source "ChessBase"]
[SourceDate "2014.08.29"]
[SourceVersion "1"]
[SourceVersionDate "2014.08.29"]
[SourceQuality "1"]

1. e4 c6 2. d4 d5 3. e5 Bf5 4. Nf3 e6 5. Be2 Bg6 6. 0-0 Nh6 7. Nbd2 Nf5 8. Nb3 Nd7 9. c4 dxc4 10. Bxc4 Nb6 11. Be2 Nd5 12. Bd2 Rc8 13. Rc1 Bb4 14. a3 Bxd2 15. Qxd2 0-0 16. Rfd1 Qe7 17. g3 f6 18. exf6 gxf6 19. g4 Nd6 20. Nh4 Be8 21. Qh6 Nf7 22. Qd2 f5 23. Ng2 Ng5 24. Qd3 fxg4 25. Bxg4 Bg6 26. Qe2 h5 27. h4 hxg4 28. hxg5 Qxg5 29. Qxe6+ Bf7 30. Qe5 Qh6 31. Qg3 Kh7 32. Qh4 Qxh4 33. Nxh4 Nf4 34. Nc5 Ne2+ 35. Kh2 Nxc1 36. Rxc1 Bd5 37. Kg3 b6 38. Nd7 Rf7 39. Ne5 Re7 40. Nf5 Re6 41. Nxg4 Rg8 42. f3 Rg5 43. Rh1+ Kg6 44. Nh4+ Kf7 45. Kf4 Rh5 46. Kg3 Re2 47. Ne5+ Ke8 48. b4 Ra2 49. Re1 Kd8 50. Re3 Ra1 51. Kg4 Rh7 52. Nhg6 Rg7 53. Kf5 Rd1 54. Kf6 Rh7 55. Nf4 Rxd4 56. Nxc6+ Bxc6 57. Ne6+ Kd7 58. Nxd4 Bd5 59. Rd3 Kc8 60. Rc3+ Kb7 61. f4 Rf7+ 62. Ke5 Ba2 63. f5 Rc7 64. Rxc7+ Kxc7 65. Nb5+ Kb7 66. f6 a6 67. Nd6+ Kc6 68. a4 a5 69. f7 Bxf7 70. Nxf7 axb4 71. Kd4 b3 72. Ne5+ Kb7 73. Kc3 b5 74. a5 Ka6 75. Nc6 b2 76. Kxb2 b4 77. Kb3 Kb5 78. Nxb4 Kxa5 1/2-1/2

[Event "BCF-chT2b 1314 (4NCL)"]
[Site "England"]
[Date "2014.01.11"]
[Round "3.56"]
[White "Keen, Cosima C"]
[Black "Jameson, David"]
[Result "0-1"]
[WhiteElo "1721"]
[BlackElo "2126"]
[PlyCount "78"]
[EventDate "2013.11.16"]
[EventType "team-swiss"]
[EventRounds "11"]
[EventCountry "ENG"]
[SourceTitle "EXT 2015"]
[Source "ChessBase"]
[SourceDate "2014.11.20"]
[SourceVersion "1"]
[SourceVersionDate "2014.11.20"]
[SourceQuality "1"]
[WhiteTeam "Barbican Youth"]
[BlackTeam "South Wales Dragons"]
[WhiteTeamCountry "ENG"]
[BlackTeamCountry "ENG"]

1. d4 Nf6 2. Nf3 e6 3. Bf4 c5 4. c3 Nc6 5. e3 b6 6. Bd3 Bb7 7. 0-0 Be7 8. Nbd2 0-0 9. h3 Rc8 10. Nc4 d5 11. Nce5 cxd4 12. exd4 a6 13. Nxc6 Rxc6 14. Ne5 Rc8 15. a4 Qe8 16. Qb3 Bd8 17. Rfe1 Nd7 18. Re3 Nxe5 19. Bxe5 Qc6 20. Rg3 g6 21. Qd1 Bc7 22. Qh5 Bxe5 23. Qxe5 Rfe8 24. h4 Qc7 25. Qf6 e5 26. dxe5 Re6 27. Qg5 Rxe5 28. Qd2 Rce8 29. Rg5 Qe7 30. Rxe5 Qxe5 31. Qd1 d4 32. c4 Re6 33. Qd2 Qf6 34. Qh6 Re5 35. Qd2 Qxh4 36. Be2 Bxg2 37. Kxg2 Rg5+ 38. Qxg5 Qxg5+ 39. Kf1 Qd2 0-1

[Event "Wch U14 Girls"]
[Site "Al Ain"]
[Date "2013.12.24"]
[Round "8"]
[White "Stanimirovic, Ivana"]
[Black "Keen, Cosima C"]
[Result "1/2-1/2"]
[WhiteElo "1592"]
[BlackElo "1750"]
[PlyCount "63"]
[EventDate "2013.12.18"]
[EventType "swiss"]
[EventRounds "11"]
[EventCountry "UAE"]
[SourceTitle "CBM 158 Extra"]
[Source "ChessBase"]
[SourceDate "2014.02.28"]
[SourceVersion "1"]
[SourceVersionDate "2014.02.28"]
[SourceQuality "1"]

1. d4 d5 2. c4 e6 3. Nc3 Nf6 4. Nf3 Be7 5. Bg5 Nbd7 6. e3 0-0 7. Rc1 a6 8. c5 c6 9. Bd3 e5 10. dxe5 Ne8 11. Bxe7 Qxe7 12. b4 Nxe5 13. Nxe5 Qxe5 14. Qc2 h6 15. Ne2 Nf6 16. h3 Re8 17. 0-0 Qg5 18. Kh1 Qh4 19. Bf5 Bxf5 20. Qxf5 Qxb4 21. Qc2 Ne4 22. Kg1 Nd2 23. Rfd1 Nc4 24. Rb1 Qxc5 25. Rxb7 Rab8 26. Rdb1 Qd6 27. Qf5 Rxb7 28. Rxb7 Re7 29. Rxe7 Qxe7 30. Qc8+ Kh7 31. Qxc6 Qb4 32. Qxd5 1/2-1/2

[Event "Wch U14 Girls"]
[Site "Al Ain"]
[Date "2013.12.19"]
[Round "2"]
[White "Kanakova, Natalie"]
[Black "Keen, Cosima C"]
[Result "0-1"]
[WhiteElo "1911"]
[BlackElo "1750"]
[PlyCount "76"]
[EventDate "2013.12.18"]
[EventType "swiss"]
[EventRounds "11"]
[EventCountry "UAE"]
[SourceTitle "CBM 158 Extra"]
[Source "ChessBase"]
[SourceDate "2014.02.28"]
[SourceVersion "1"]
[SourceVersionDate "2014.02.28"]
[SourceQuality "1"]

1. e4 c5 2. Nf3 d6 3. d4 cxd4 4. Nxd4 Nf6 5. Nc3 Nc6 6. Bc4 e6 7. 0-0 Be7 8. Be3 0-0 9. f3 a6 10. Qd2 Qc7 11. Nxc6 bxc6 12. Qf2 Nd7 13. Ne2 c5 14. c3 Rb8 15. Nf4 Ne5 16. Bb3 c4 17. Bd1 Bg5 18. Rb1 Bxf4 19. Bxf4 Nd3 20. Qd2 e5 21. Bg3 f5 22. Be2 fxe4 23. fxe4 Qc5+ 24. Kh1 Rxf1+ 25. Bxf1 Be6 26. Bxd3 cxd3 27. b3 Qa5 28. Rd1 Bg4 29. Re1 Be2 30. Bh4 Rc8 31. Rc1 Qc7 32. c4 Qb7 33. Qe3 Rf8 34. Kg1 Rf4 35. Bf2 Rxe4 36. Qg5 Qd7 37. c5 dxc5 38. Rxc5 d2 0-1